000
00256nam a2200097Ia 4500
008
170620s9999 xx 000 0 und d
100
_a
Balyan.Devendra/Thani.Yograj
245
0
_a
Sharirik Shiksha Evam Khel Kud Gyankosh
260
_b
New delhi.Khel.S.k
260
_c
2005
300
_a
134
999
_c
27541
_d
27541